[Event "Lagos City Asibor Memorial 2nd"]
[Site "Lagos City"]
[Date "2024.01.26"]
[Round "3"]
[White "Aikhoje, Odion"]
[Black "Okemakinde, Toluwanimi"]
[Result "1/2-1/2"]
[WhiteElo "2218"]
[BlackElo "2128"]
[PlyCount "76"]
[EventDate "2024.01.25"]
[EventType "swiss"]
[EventRounds "7"]
[EventCountry "NGR"]
[SourceTitle "CB05_2024"]
[SourceDate "2024.01.31"]
[SourceVersion "1"]
[SourceVersionDate "2024.01.31"]
[SourceQuality "1"]

1. Nf3 Nf6 2. d4 d5 3. Bf4 c5 4. c3 Nc6 5. e3 Qb6 6. Qb3 c4 7. Qc2 Bf5 8. Qc1 h6 9. Nbd2 e6 10. Be2 Be7 11. h3 0-0 12. 0-0 Rfc8 13. Re1 Qd8 14. Ne5 b5 15. Bf3 Nxe5 16. Bxe5 Nd7 17. Bf4 Nb6 18. e4 Bg6 19. exd5 Nxd5 20. Nf1 Nxf4 21. Qxf4 Rab8 22. Be4 Bg5 23. Qf3 Bxe4 24. Rxe4 b4 25. Ne3 bxc3 26. bxc3 Qa5 27. Nd1 Qa3 28. h4 Bf6 29. Rg4 h5 30. Rf4 Rb5 31. g3 Rcb8 32. Kg2 Rb1 33. Rxb1 Rxb1 34. Qa8+ Qf8 35. Qxf8+ Kxf8 36. Ne3 Rc1 37. d5 Rxc3 38. dxe6 Ra3 1/2-1/2

[Event "Lagos South West op"]
[Site "Lagos"]
[Date "2023.07.15"]
[Round "6"]
[White "Aikhoje, Odion"]
[Black "Oyakhilome, David Oise"]
[Result "1-0"]
[WhiteElo "2219"]
[BlackElo "1971"]
[PlyCount "91"]
[EventDate "2023.07.12"]
[EventType "swiss"]
[EventRounds "9"]
[EventCountry "NGR"]
[SourceTitle "CBM 215 Extra"]
[Source "ChessBase"]
[SourceDate "2023.09.30"]
[SourceVersion "1"]
[SourceVersionDate "2023.09.30"]
[SourceQuality "1"]

1. Nf3 Nf6 2. d4 d5 3. Bf4 c5 4. c3 Qb6 5. Qb3 c4 6. Qc2 Nc6 7. Nbd2 g6 8. e4 e6 9. e5 Nh5 10. Be3 Qc7 11. g4 Ng7 12. Bg2 h5 13. h3 Be7 14. Ke2 b5 15. a3 a5 16. Ng5 Ra7 17. Ndf3 Qd8 18. Qd2 a4 19. Rag1 h4 20. Nh2 Na5 21. f4 Nb3 22. Qc2 Qb6 23. Nhf3 Ba6 24. Kf2 Qd8 25. Re1 Bc8 26. Kg1 Na5 27. Qf2 Nc6 28. Nxh4 Bxg5 29. fxg5 Qe7 30. Qf6 Qf8 31. Nf3 Ne7 32. Qf4 Kd7 33. Bf1 Kc6 34. Be2 Ng8 35. Bd1 Ne7 36. Bc2 Bd7 37. Re2 Be8 38. Nd2 Rc7 39. Nf1 Qg8 40. h4 Rb7 41. Ng3 Bd7 42. Qf6 Qf8 43. Rf2 Be8 44. h5 gxh5 45. gxh5 Ng8 46. Qf3 1-0

[Event "Lagos Friends of Chess"]
[Site "Lagos"]
[Date "2015.08.07"]
[Round "4"]
[White "Aikhoje, Odion"]
[Black "Onokpite, Kennedy"]
[Result "1/2-1/2"]
[WhiteElo "2268"]
[BlackElo "2132"]
[PlyCount "158"]
[EventDate "2015.08.06"]
[EventType "swiss"]
[EventRounds "7"]
[EventCountry "NGR"]
[SourceTitle "EXT 2018"]
[Source "ChessBase"]
[SourceDate "2017.10.13"]
[SourceVersion "1"]
[SourceVersionDate "2017.10.13"]
[SourceQuality "1"]

1. Nf3 d5 2. d4 Nf6 3. Bg5 c5 4. Bxf6 exf6 5. c3 Qb6 6. Qb3 Nc6 7. e3 c4 8. Qc2 Bf5 9. Qc1 Qa5 10. Nbd2 b5 11. Nh4 Bg6 12. Be2 b4 13. Nxg6 hxg6 14. Bf3 Rc8 15. a3 bxc3 16. bxc3 f5 17. Qc2 Bd6 18. g3 0-0 19. 0-0 Nb8 20. a4 Nd7 21. Rfb1 Rb8 22. Bd1 Bc7 23. f3 Nf6 24. Kf2 Qa6 25. Rxb8 Rxb8 26. Rb1 Rxb1 27. Qxb1 Ba5 28. Qb2 Qb6 29. Qa3 g5 30. Bc2 g6 31. h3 Qe6 32. g4 Kg7 33. Nf1 f4 34. Bd1 Bc7 35. Qc5 fxe3+ 36. Ke2 Bb6 37. Qb5 Qd6 38. Qb2 Qf4 39. Qc1 Ba5 40. Nxe3 Qh2+ 41. Ke1 Qg1+ 42. Ke2 Qh2+ 43. Ke1 Qxh3 44. Nf1 Qg2 45. Be2 Qg1 46. Kd1 Qf2 47. Qd2 Kh6 48. Kc2 Bc7 49. Qe3 Qe1 50. Bxc4 Qxe3 51. Nxe3 dxc4 52. Nxc4 Nd5 53. Kd3 f5 54. Ne3 Nxe3 55. Kxe3 Kg7 56. Kd3 Kf6 57. Kc4 Ba5 58. Kd3 Ke6 59. Kc4 Kd6 60. Kd3 Kd5 61. c4+ Kc6 62. Kc2 Bd8 63. Kb3 Bf6 64. Kc3 Bd8 65. Kb4 Be7+ 66. Kb3 Bf8 67. Kc3 Ba3 68. Kb3 Bc1 69. Kc3 Be3 70. Kd3 Bf2 71. Kc3 Be1+ 72. Kd3 Kd6 73. Ke2 Bc3 74. Ke3 f4+ 75. Ke4 Bb2 76. Kd3 Kc6 77. Ke4 Kb6 78. Kd5 Ba3 79. c5+ Kc7 1/2-1/2

[Event "Lagos Friends of Chess"]
[Site "Lagos"]
[Date "2015.08.06"]
[Round "2"]
[White "Aikhoje, Odion"]
[Black "Martin, Odum"]
[Result "1/2-1/2"]
[WhiteElo "2268"]
[BlackElo "2033"]
[PlyCount "82"]
[EventDate "2015.08.06"]
[EventType "swiss"]
[EventRounds "7"]
[EventCountry "NGR"]
[SourceTitle "EXT 2018"]
[Source "ChessBase"]
[SourceDate "2017.10.13"]
[SourceVersion "1"]
[SourceVersionDate "2017.10.13"]
[SourceQuality "1"]

1. Nf3 Nf6 2. d4 e6 3. Bg5 h6 4. Bxf6 Qxf6 5. Nbd2 d6 6. e3 g6 7. c3 Bg7 8. Bd3 Nd7 9. h4 Qe7 10. Qa4 0-0 11. g3 a6 12. 0-0 b5 13. Qa5 Nb6 14. Be4 Rb8 15. Rac1 d5 16. Bd3 Nc4 17. Bxc4 dxc4 18. b3 cxb3 19. axb3 Bb7 20. c4 Qf6 21. d5 bxc4 22. bxc4 c6 23. dxc6 Bxc6 24. Nd4 Ba8 25. c5 e5 26. Ne2 Rb2 27. c6 Bxc6 28. Qc3 Rxd2 29. Qxd2 Qf3 30. Rxc6 Qxc6 31. Rc1 Qb6 32. Nc3 Qa5 33. Qd7 Rd8 34. Qc6 Rd3 35. Qc8+ Kh7 36. h5 Qb6 37. hxg6+ Qxg6 38. Qc4 Rd7 39. Nd5 f5 40. Rd1 Rf7 41. Ra1 f4 1/2-1/2

[Event "Lagos Friends of Chess"]
[Site "Lagos"]
[Date "2015.08.06"]
[Round "1"]
[White "Dennis, Ogbogho"]
[Black "Aikhoje, Odion"]
[Result "1/2-1/2"]
[WhiteElo "2065"]
[BlackElo "2268"]
[PlyCount "125"]
[EventDate "2015.08.06"]
[EventType "swiss"]
[EventRounds "7"]
[EventCountry "NGR"]
[SourceTitle "EXT 2018"]
[Source "ChessBase"]
[SourceDate "2017.10.13"]
[SourceVersion "1"]
[SourceVersionDate "2017.10.13"]
[SourceQuality "1"]

1. d4 Nf6 2. Nf3 d5 3. e3 Bf5 4. Bd3 Bxd3 5. cxd3 Nbd7 6. Qb3 Rb8 7. Nc3 e6 8. Bd2 c6 9. 0-0 Qb6 10. Qxb6 Nxb6 11. Rac1 Be7 12. Ne5 0-0 13. Rc2 Ne8 14. Rfc1 f6 15. Nf3 a6 16. a3 Nd6 17. Ne2 Kf7 18. Bb4 Nb5 19. Bxe7 Kxe7 20. Nc3 g5 21. Kf1 Rg8 22. Na2 Kd7 23. Nd2 e5 24. dxe5 fxe5 25. Nb1 Rg6 26. b3 g4 27. a4 Nc7 28. Nac3 Rf8 29. Kg1 Ne6 30. Ne2 h5 31. Nd2 h4 32. a5 Nc8 33. b4 Nd6 34. Nb3 Rgf6 35. Rf1 e4 36. d4 Nc4 37. Rc3 Kc7 38. Rxc4 dxc4 39. Nd2 Ng5 40. Nxc4 Nf7 41. Nf4 Rg8 42. Rc1 g3 43. fxg3 hxg3 44. h3 Rg5 45. Nb6 Kd6 46. Nc8+ Kd7 47. Nb6+ Ke7 48. d5 Ne5 49. Rd1 Rgf5 50. Ne2 Rf2 51. Nxg3 Rb2 52. Nh5 Rff2 53. d6+ Kd8 54. Nf4 Rfd2 55. Rxd2 Rxd2 56. Ne6+ Ke8 57. Ng7+ Kf7 58. Nf5 Ke6 59. g4 Rb2 60. h4 Rd2 61. h5 Rd1+ 62. Kg2 Nxg4 63. h6 1/2-1/2

[Event "Arlington DC op 3rd"]
[Site "Arlington"]
[Date "2015.06.28"]
[Round "6"]
[White "Aikhoje, Odion"]
[Black "Mekhitarian, Krikor Sevag"]
[Result "1/2-1/2"]
[WhiteElo "2274"]
[BlackElo "2570"]
[PlyCount "112"]
[EventDate "2015.06.25"]
[EventType "swiss"]
[EventRounds "9"]
[EventCountry "USA"]
[SourceTitle "CBM 167 Extra"]
[Source "ChessBase"]
[SourceDate "2015.09.14"]
[SourceVersion "1"]
[SourceVersionDate "2015.09.14"]
[SourceQuality "1"]

1. Nf3 Nf6 2. d4 d5 3. Bg5 Ne4 4. Bf4 c5 5. c3 Nc6 6. e3 Qb6 7. Qb3 c4 8. Qc2 Bf5 9. Qc1 f6 10. h3 e5 11. Bh2 Bd6 12. Nbd2 exd4 13. Nxe4 Bxh2 14. Nxd4 Nxd4 15. Rxh2 Ne6 16. Ng3 Bg6 17. Ne2 0-0 18. Qd2 Rad8 19. h4 Rfe8 20. h5 Bd3 21. Rh4 Nc5 22. Rd4 Ne6 23. Rh4 Qc7 24. Nd4 Nc5 25. Bxd3 Nxd3+ 26. Kf1 Re4 27. Rh3 Qd7 28. b3 f5 29. Ne2 Rde8 30. Rd1 Qe6 31. Kg1 b5 32. Nc1 Nxc1 33. Qxc1 Rd8 34. b4 Qf6 35. Rd4 Rxd4 36. exd4 f4 37. Qa3 Qe7 38. Qa6 Qd7 39. h6 g6 40. Qf6 Rf8 41. Qe5 Rf5 42. Qb8+ Rf8 43. Qe5 Rf5 44. Qb8+ Kf7 45. Qh8 Ke6 46. Qg7 Rf6 47. Rh4 Qxg7 48. hxg7 Kf7 49. Rxh7 Ra6 50. g8Q+ Kxg8 51. Rb7 Rxa2 52. Rxb5 Rc2 53. Rxd5 Rxc3 54. Rd7 Rb3 55. Rxa7 Rxb4 56. Rc7 c3 1/2-1/2

[Event "Arlington DC op 3rd"]
[Site "Arlington"]
[Date "2015.06.28"]
[Round "7"]
[White "Mulyar, Michael A"]
[Black "Aikhoje, Odion"]
[Result "1-0"]
[WhiteElo "2392"]
[BlackElo "2274"]
[PlyCount "173"]
[EventDate "2015.06.25"]
[EventType "swiss"]
[EventRounds "9"]
[EventCountry "USA"]
[SourceTitle "CBM 167 Extra"]
[Source "ChessBase"]
[SourceDate "2015.09.14"]
[SourceVersion "1"]
[SourceVersionDate "2015.09.14"]
[SourceQuality "1"]

1. d4 Nf6 2. Nf3 d5 3. c4 c6 4. Nc3 e6 5. Bg5 Nbd7 6. cxd5 cxd5 7. e3 Qb6 8. Qc2 Ne4 9. Nxe4 dxe4 10. Nd2 Qa5 11. Bf4 Bb4 12. a3 Nb6 13. Rc1 Bxd2+ 14. Qxd2 Qxd2+ 15. Kxd2 Nd5 16. Bd6 Bd7 17. f3 f5 18. fxe4 fxe4 19. Be2 Bc6 20. Rhf1 Nf6 21. g4 h6 22. h4 Kd7 23. Be5 Ke7 24. g5 hxg5 25. hxg5 Nd5 26. Rh1 Rag8 27. b3 Kf7 28. Bh5+ Rxh5 29. Rxh5 Kg6 30. Rch1 Rf8 31. R1h2 Rf7 32. Rh8 Ne7 33. Bf4 Nf5 34. Rd8 Ne7 35. Rd6 Bd5 36. Rd7 Nf5 37. Rxf7 Kxf7 38. Kc3 Kg6 39. Rh8 a6 40. b4 Bc6 41. Kd2 Bd5 42. Ke2 Bc6 43. Kf2 Bb5 44. Rc8 Bc6 45. Rc7 Bd5 46. a4 Kh5 47. b5 axb5 48. axb5 Kg6 49. b6 Kh5 50. Be5 Kg6 51. Bf4 Kh5 52. Rf7 Kg6 53. Rf8 Kh5 54. Rh8+ Kg6 55. Kg2 Bc4 56. Rc8 Bd5 57. Kh3 Kh5 58. Rc7 Kg6 59. Rc8 Kh5 60. Re8 Bc4 61. Rh8+ Kg6 62. Rb8 Bf1+ 63. Kh2 Ba6 64. Rc8 Kh5 65. Rc7 Kg4 66. Kg2 Kh5 67. Kf2 Kg6 68. Rd7 Kh5 69. d5 exd5 70. Rxd5 g6 71. Rd7 Kg4 72. Rf7 Nh4 73. Re7 Nf3 74. Re6 Kh5 75. Rxe4 Nd2 76. Re7 Kg4 77. Rg7 Ne4+ 78. Kg2 Kf5 79. Re7 Nd2 80. Rf7+ Kg4 81. Rg7 Kh5 82. Kg3 Ne4+ 83. Kf3 Nd2+ 84. Kg2 Ne4 85. Re7 Bd3 86. Rxb7 Nxg5 87. Re7 1-0

[Event "Arlington DC op 3rd"]
[Site "Arlington"]
[Date "2015.06.26"]
[Round "2"]
[White "Aikhoje, Odion"]
[Black "Quintiliano Pinto, Renato Rodrigues"]
[Result "1/2-1/2"]
[WhiteElo "2274"]
[BlackElo "2422"]
[PlyCount "89"]
[EventDate "2015.06.25"]
[EventType "swiss"]
[EventRounds "9"]
[EventCountry "USA"]
[SourceTitle "CBM 167 Extra"]
[Source "ChessBase"]
[SourceDate "2015.09.14"]
[SourceVersion "1"]
[SourceVersionDate "2015.09.14"]
[SourceQuality "1"]

1. Nf3 c5 2. c3 Nf6 3. d4 e6 4. Bg5 d5 5. e3 Nbd7 6. Nbd2 Bd6 7. Bd3 0-0 8. Qe2 h6 9. Bh4 Re8 10. 0-0 e5 11. dxe5 Nxe5 12. Nxe5 Bxe5 13. Nf3 Bc7 14. Rfd1 Bg4 15. h3 Bd7 16. Bxf6 Qxf6 17. Bb5 Bc6 18. Rd2 a6 19. Bxc6 bxc6 20. Qd1 Re4 21. Qb3 Qd6 22. c4 Rb8 23. Qc2 Rxc4 24. Qxc4 dxc4 25. Rxd6 Bxd6 26. Nd2 Be5 27. Nxc4 Bxb2 28. Rb1 Be5 29. Rxb8+ Bxb8 30. Kf1 f5 31. Ke2 Kf7 32. Kd3 Ke6 33. Nb6 Bc7 34. Na4 Kd5 35. Nc3+ Kd6 36. Kc4 Ba5 37. Na4 Be1 38. f3 Bf2 39. Nxc5 Bxe3 40. Nxa6 c5 41. a4 Kc6 42. Nb8+ Kc7 43. Na6+ Kc6 44. Nb8+ Kc7 45. Na6+ 1/2-1/2

[Event "London Classic op"]
[Site "London"]
[Date "2009.12.15"]
[Round "9"]
[White "Aikhoje, Odion"]
[Black "Cherniaev, Alexander"]
[Result "0-1"]
[WhiteElo "2252"]
[BlackElo "2465"]
[PlyCount "112"]
[EventDate "2009.12.08"]
[EventType "swiss"]
[EventRounds "9"]
[EventCountry "ENG"]
[SourceTitle "CBM 133 Extra"]
[Source "ChessBase"]
[SourceDate "2010.01.05"]
[SourceVersion "1"]
[SourceVersionDate "2010.01.05"]
[SourceQuality "1"]

1. Nf3 Nf6 2. d4 d6 3. Bg5 Nbd7 4. Nbd2 h6 5. Bf4 g5 6. Bg3 Nh5 7. e4 Bg7 8. c3 e6 9. Nc4 a6 10. Nfd2 Nxg3 11. hxg3 b6 12. Ne3 Bb7 13. Bd3 Qe7 14. Qe2 c5 15. d5 b5 16. a4 c4 17. Bc2 Nc5 18. axb5 axb5 19. Rxa8+ Bxa8 20. 0-0 Bb7 21. Ra1 0-0 22. Qh5 Nd3 23. Bxd3 cxd3 24. Qd1 b4 25. Qb3 bxc3 26. bxc3 Bc8 27. Qc4 f5 28. Qxd3 f4 29. gxf4 gxf4 30. Nec4 exd5 31. exd5 Bf5 32. Qf3 Bg6 33. Rc1 Kh7 34. Na5 Qg5 35. c4 Kh8 36. Re1 Bh5 37. Qh3 Bg4 38. Qa3 Ra8 39. Ne4 Qg6 40. Qxd6 Qxd6 41. Nxd6 Rxa5 42. f3 Bd7 43. Kh2 Bf8 44. Ne4 Bf5 45. Re2 Kg7 46. Rb2 Bxe4 47. fxe4 Bd6 48. Kh3 Kf6 49. Kg4 Ra3 50. Kh5 Rc3 51. Rb6 Ke5 52. Rc6 Rc2 53. Kxh6 Rxg2 54. c5 Bf8+ 55. Kh5 Kxe4 56. Re6+ Kf5 0-1

[Event "London Classic op"]
[Site "London"]
[Date "2009.12.14"]
[Round "8"]
[White "McDonald, Neil R"]
[Black "Aikhoje, Odion"]
[Result "1/2-1/2"]
[WhiteElo "2412"]
[BlackElo "2252"]
[PlyCount "109"]
[EventDate "2009.12.08"]
[EventType "swiss"]
[EventRounds "9"]
[EventCountry "ENG"]
[SourceTitle "CBM 133 Extra"]
[Source "ChessBase"]
[SourceDate "2010.01.05"]
[SourceVersion "1"]
[SourceVersionDate "2010.01.05"]
[SourceQuality "1"]

1. e4 e6 2. d4 d5 3. Nd2 Nf6 4. e5 Nfd7 5. Ngf3 c5 6. c3 Nc6 7. Bd3 Be7 8. 0-0 f6 9. exf6 Nxf6 10. Re1 0-0 11. Nf1 Bd6 12. dxc5 Bxc5 13. b4 Bb6 14. b5 Nb8 15. Be3 Nbd7 16. Qc2 Nc5 17. Bd4 Nxd3 18. Qxd3 Ne4 19. Ng3 Bxd4 20. cxd4 Nd6 21. Re5 Nf7 22. Re3 a6 23. bxa6 Rxa6 24. Nh5 g6 25. Ng3 Qf6 26. a3 Nd6 27. h4 Bd7 28. Rb1 b5 29. Ne5 Be8 30. Qe2 Qxh4 31. Nf3 Qf4 32. Rxe6 Bf7 33. Re7 Nc4 34. Rxb5 Rxa3 35. Rbb7 Ra1+ 36. Nf1 Nd6 37. Ra7 Rxa7 38. Rxa7 Re8 39. Qd2 Qf6 40. Ne3 Be6 41. Ne5 Rf8 42. N3g4 Bxg4 43. Nxg4 Qf4 44. Nh6+ Kh8 45. Qxf4 Rxf4 46. Rd7 Rxd4 47. f3 Nf5 48. Ng4 Kg8 49. Nf6+ Kf8 50. Nxh7+ Ke8 51. Nf6+ Kf8 52. Rxd5 Ra4 53. Ne4 Ke7 54. Rb5 Ra1+ 55. Kh2 1/2-1/2

[Event "Uxbridge op"]
[Site "Denham"]
[Date "2009.02.21"]
[Round "2"]
[White "Almond, Richard"]
[Black "Aikhoje, Odion"]
[Result "1/2-1/2"]
[WhiteElo "2126"]
[BlackElo "2260"]
[PlyCount "105"]
[EventDate "2009.02.20"]
[EventType "swiss"]
[EventRounds "5"]
[EventCountry "ENG"]
[SourceTitle "EXT 2011"]
[Source "ChessBase"]
[SourceDate "2010.11.26"]
[SourceVersion "1"]
[SourceVersionDate "2010.11.26"]
[SourceQuality "1"]

1. d4 Nf6 2. c4 c5 3. d5 b5 4. cxb5 a6 5. e3 g6 6. Nc3 Bg7 7. a4 0-0 8. Nf3 d6 9. Rb1 axb5 10. axb5 Nbd7 11. Be2 Ne8 12. 0-0 Nc7 13. Bd2 Nb6 14. b4 c4 15. Nd4 Bxd4 16. exd4 Bd7 17. Ra1 Nxb5 18. Nxb5 Bxb5 19. Bh6 Re8 20. Bf3 Qd7 21. Qc2 Ba4 22. Qe4 c3 23. h4 c2 24. h5 Rac8 25. Ra3 Bb5 26. Rc1 Qf5 27. Qxf5 gxf5 28. Be4 Kh8 29. Bxf5 Rc4 30. Rg3 Rg8 31. Rxg8+ Kxg8 32. Bd3 Rxb4 33. Bxb5 Rxb5 34. Rxc2 f5 35. Be3 Nxd5 36. g3 Rb8 37. Kg2 Kf7 38. Kf3 Rb3 39. Ra2 Nf6 40. h6 Nd5 41. Ra5 Ke6 42. Ra8 Kf7 43. Ra5 Ke6 44. Ra8 Nf6 45. Kg2 Ng4 46. Bg5 Rb2 47. Ra7 Nxf2 48. Rxe7+ Kd5 49. Bf4 Nd3+ 50. Kg1 Nxf4 51. gxf4 Rb4 52. Kg2 Rxd4 53. Kg3 1/2-1/2

[Event "Hastings Masters op 84th"]
[Site "Hastings"]
[Date "2009.01.01"]
[Round "5"]
[White "Ansell, Simon"]
[Black "Aikhoje, Odion"]
[Result "1-0"]
[WhiteElo "2410"]
[BlackElo "2260"]
[PlyCount "47"]
[EventDate "2008.12.28"]
[EventType "swiss"]
[EventRounds "9"]
[EventCountry "ENG"]
[SourceTitle "CBM 128 Extra"]
[Source "ChessBase"]
[SourceDate "2009.03.05"]
[SourceVersion "2"]
[SourceVersionDate "2009.03.25"]
[SourceQuality "1"]

1. e4 e6 2. d3 d5 3. Nd2 Nf6 4. Ngf3 c5 5. g3 Nc6 6. Bg2 Be7 7. 0-0 Rb8 8. Re1 b5 9. exd5 exd5 10. d4 c4 11. Ne5 Rb6 12. a4 Nxd4 13. Nb1 Ne6 14. axb5 Bb7 15. Rxa7 Qb8 16. Rxb7 Qxb7 17. Nc3 Rxb5 18. Nxb5 Qxb5 19. Bh3 Nc5 20. Bg5 0-0 21. Bxf6 gxf6 22. Qg4+ Kh8 23. Qh5 Rg8 24. Nxf7+ 1-0

[Event "Hastings Masters op 84th"]
[Site "Hastings"]
[Date "2008.12.30"]
[Round "3"]
[White "Adair, James R"]
[Black "Aikhoje, Odion"]
[Result "1/2-1/2"]
[WhiteElo "2072"]
[BlackElo "2260"]
[PlyCount "87"]
[EventDate "2008.12.28"]
[EventType "swiss"]
[EventRounds "9"]
[EventCountry "ENG"]
[SourceTitle "CBM 128 Extra"]
[Source "ChessBase"]
[SourceDate "2009.03.05"]
[SourceVersion "2"]
[SourceVersionDate "2009.03.25"]
[SourceQuality "1"]

1. e4 Nf6 2. e5 Nd5 3. d4 d6 4. Nf3 Bg4 5. Be2 e6 6. h3 Bh5 7. c4 Nb6 8. exd6 cxd6 9. Nc3 Be7 10. d5 exd5 11. Nxd5 0-0 12. 0-0 Nc6 13. Be3 Nxd5 14. cxd5 Bxf3 15. Bxf3 Ne5 16. Be2 f5 17. f4 Nd7 18. Qb3 Bf6 19. Bf3 b6 20. Rac1 Nc5 21. Qc2 a5 22. Rfd1 Qd7 23. g4 g6 24. gxf5 gxf5 25. Kh2 Rae8 26. Qf2 Kh8 27. Bd4 Qg7 28. Rc3 Bxd4 29. Qxd4 Qxd4 30. Rxd4 Re1 31. b4 axb4 32. Rxb4 Ra8 33. Kg3 Rg8+ 34. Kf2 Ra1 35. Ra3 Rb8 36. Rb2 Rb7 37. Re2 Kg7 38. Ra8 Rd7 39. Rb8 Rb1 40. Ree8 Kf6 41. Rf8+ Rf7 42. Rxf7+ Kxf7 43. h4 b5 44. h5 1/2-1/2

[Event "Hastings Masters op 84th"]
[Site "Hastings"]
[Date "2008.12.28"]
[Round "1"]
[White "Williams, Simon Kim"]
[Black "Aikhoje, Odion"]
[Result "1-0"]
[WhiteElo "2494"]
[BlackElo "2260"]
[PlyCount "77"]
[EventDate "2008.12.28"]
[EventType "swiss"]
[EventRounds "9"]
[EventCountry "ENG"]
[SourceTitle "CBM 128 Extra"]
[Source "ChessBase"]
[SourceDate "2009.03.05"]
[SourceVersion "2"]
[SourceVersionDate "2009.03.25"]
[SourceQuality "1"]

1. d4 Nf6 2. c4 c5 3. d5 b5 4. Nf3 e6 5. Bg5 exd5 6. cxd5 d6 7. e3 a6 8. a4 b4 9. Nbd2 Be7 10. Nc4 a5 11. Bxf6 Bxf6 12. Qc2 0-0 13. h4 Na6 14. Ng5 g6 15. Ne4 Be7 16. b3 Bf5 17. h5 Nc7 18. 0-0-0 Re8 19. Bd3 Bf8 20. hxg6 fxg6 21. g4 Bxe4 22. Bxe4 Qf6 23. g5 Qa1+ 24. Kd2 Qc3+ 25. Ke2 Qxc2+ 26. Bxc2 Be7 27. f4 Ra6 28. Rh3 Kg7 29. e4 Na8 30. Bd3 Ra7 31. Rdh1 Rh8 32. e5 Rd7 33. e6 Rdd8 34. Nxa5 Nb6 35. Be4 Rdf8 36. Ke3 Ra8 37. Nc6 Nc8 38. Bd3 Bf8 39. f5 1-0

[Event "Brentwood op 2nd"]
[Site "Brentwood"]
[Date "2008.02.16"]
[Round "3"]
[White "Aikhoje, Odion"]
[Black "Spence, David"]
[Result "1/2-1/2"]
[WhiteElo "2260"]
[BlackElo "2198"]
[PlyCount "121"]
[EventDate "2008.02.16"]
[EventType "swiss"]
[EventRounds "5"]
[EventCountry "ENG"]
[SourceTitle "CBM 122 Extra"]
[Source "ChessBase"]
[SourceDate "2008.03.04"]
[SourceVersion "1"]
[SourceVersionDate "2008.03.04"]
[SourceQuality "1"]

1. Nf3 e6 2. d4 Nf6 3. Bg5 c5 4. c3 cxd4 5. cxd4 Qb6 6. Bxf6 gxf6 7. Qc1 Nc6 8. e3 d5 9. Be2 Bd7 10. 0-0 Rc8 11. Nc3 Bb4 12. Qd2 Na5 13. Rac1 Nc4 14. Bxc4 Rxc4 15. a3 Bxc3 16. Rxc3 Rxc3 17. Qxc3 0-0 18. Rc1 Rc8 19. Qd2 Rxc1+ 20. Qxc1 Qc6 21. Qd2 Qc4 22. h3 b6 23. Nh2 Kf8 24. Ng4 Ke7 25. Nh6 Kf8 26. Qd1 Be8 27. Qg4 Qc1+ 28. Kh2 Qxb2 29. Qg8+ Ke7 30. Qxh7 Qxa3 31. Ng8+ Kd8 32. Qh4 Qd6+ 33. g3 b5 34. Nxf6 b4 35. Nxd5+ Kc8 36. Qh8 Qxd5 37. Qxe8+ Kb7 38. Qe7+ Kc6 39. Qxb4 a5 40. Qa4+ Kb6 41. h4 Qf3 42. Kg1 Qd5 43. Kf1 Qf5 44. Ke2 Qg4+ 45. Kd3 Qf5+ 46. Kc4 Qd5+ 47. Kc3 Qf3 48. Qb3+ Kc6 49. Qc2 Kb5 50. Kb3 Qd5+ 51. Ka3 Qf3 52. g4 Qxg4 53. Qc5+ Ka6 54. Qc6+ Ka7 55. Ka4 Qd1+ 56. Kxa5 Qd2+ 57. Kb5 Qb2+ 58. Kc5 Qa3+ 59. Kc4 Qc1+ 60. Kb5 Qb2+ 61. Ka5 1/2-1/2

[Event "Olympiad-37"]
[Site "Turin"]
[Date "2006.05.28"]
[Round "7"]
[White "Mikheev, Stanislav Valerievi"]
[Black "Aikhoje, Odion"]
[Result "0-1"]
[WhiteElo "2384"]
[BlackElo "2253"]
[PlyCount "66"]
[EventDate "2006.05.21"]
[EventType "team-swiss"]
[EventRounds "13"]
[EventCountry "ITA"]
[SourceTitle "CBM 113"]
[Source "ChessBase"]
[SourceDate "2006.07.31"]
[SourceVersion "1"]
[SourceVersionDate "2006.07.31"]
[SourceQuality "1"]
[WhiteTeam "IPCA"]
[BlackTeam "Nigeria"]
[BlackTeamCountry "NGR"]

1. e4 Nf6 2. e5 Nd5 3. d4 d6 4. Nf3 Bg4 5. Be2 e6 6. 0-0 Be7 7. c4 Nb6 8. Nc3 Nc6 9. exd6 cxd6 10. d5 exd5 11. cxd5 Bxf3 12. Bxf3 Ne5 13. Be2 0-0 14. f4 Ned7 15. a4 Rc8 16. a5 Na8 17. Ra3 a6 18. Bd3 Nf6 19. Be3 Re8 20. Bd4 Bf8 21. g4 Nd7 22. g5 g6 23. Ne4 Nc7 24. Qb3 Nb5 25. Bf6 Qc7 26. Raa1 Nc5 27. Nxc5 Qxc5+ 28. Kg2 Nc7 29. Qxb7 Nxd5 30. Rac1 Nxf4+ 31. Rxf4 Qxc1 32. Qf3 Re3 33. Bxg6 hxg6 0-1

[Event "Olympiad-37"]
[Site "Turin"]
[Date "2006.05.24"]
[Round "4"]
[White "Aikhoje, Odion"]
[Black "Guseinov, Gadir"]
[Result "0-1"]
[WhiteElo "2253"]
[BlackElo "2615"]
[PlyCount "120"]
[EventDate "2006.05.21"]
[EventType "team-swiss"]
[EventRounds "13"]
[EventCountry "ITA"]
[SourceTitle "CBM 113"]
[Source "ChessBase"]
[SourceDate "2006.07.31"]
[SourceVersion "1"]
[SourceVersionDate "2006.07.31"]
[SourceQuality "1"]
[WhiteTeam "Nigeria"]
[BlackTeam "Azerbaijan"]
[WhiteTeamCountry "NGR"]
[BlackTeamCountry "AZE"]

1. Nf3 g6 2. d4 Bg7 3. Bf4 d6 4. e3 Nd7 5. Nbd2 e5 6. Bg3 Ne7 7. Bc4 d5 8. Bb3 e4 9. Ng1 c5 10. Ne2 c4 11. Ba4 0-0 12. c3 Nf5 13. b3 h5 14. h3 cxb3 15. Bxb3 Nxg3 16. Nxg3 Nb6 17. c4 h4 18. Ne2 dxc4 19. Nxc4 Nxc4 20. Bxc4 b5 21. Bb3 Qg5 22. Nf4 Rd8 23. Qd2 Be5 24. 0-0 Bb7 25. Ne2 a5 26. a3 Bd6 27. Rfc1 b4 28. axb4 axb4 29. Qb2 Kf8 30. Bc4 Qe7 31. Qb3 g5 32. Kf1 Rxa1 33. Rxa1 Ra8 34. Rxa8+ Bxa8 35. Qa4 Bb7 36. Nc1 Qc7 37. Qb3 Bc6 38. Na2 Ba4 39. Qxa4 Qxc4+ 40. Ke1 Kg7 41. Qd7 b3 42. Qxd6 bxa2 43. Qe5+ Kg6 44. Qxe4+ Kh6 45. Qa8 Qc3+ 46. Ke2 a1Q 47. Qf8+ Kg6 48. Qg8+ Kf6 49. Qd8+ Ke6 50. Qe8+ Kd6 51. Qd8+ Kc6 52. Qc8+ Kb5 53. Qb7+ Ka4 54. Qa6+ Kb3 55. Qb5+ Kc2 56. Qf5+ Kc1 57. Kf3 Qa8+ 58. d5 Qa4 59. Qxg5 Qd1+ 60. Kf4 Qc4+ 0-1